000 00663nam a2200241Ia 4500
003 OSt
005 20221006144747.0
006 a|||||r|||| 00| 0
007 ta
008 221006b |||||||| |||| 00| 0 eng d
020 _cP6.50
024 _a12,633
037 _cTextual
040 _aEASL
_cEASL
_beng
041 _2eng
_aeng
082 _aV41:191,(Y73(P41).N7, L2
100 _aFITZGERALD Stephen
245 0 _aChina and the overseas Chinese
260 _aCambridge
_bCambridge University
_c1972
300 _a268p.
_ccm.
942 _hV41:191,(Y73(P41).N7, L2
_cTEXL
_2CC
999 _c1080719
_d1080719